000 00502nam a2200169 a 4500
001 BRCA_146
005 20190320202911.0
008 810211s1960 mx-a---###---#000-0bspa-#
040 _aDLC
_cCarP
_dDLC
050 4 _aF1391.E7
_b.A36 1960
245 1 0 _aAcolman
_bguía oficial.
260 _aMéxico
_bINAH
_c[1960]
300 _a31 p.
_bil.
_c20 cm.
651 4 _aAcolman
_vGuías
_xHistoria
_zMéxico (Estado)
_9566
651 4 _aAcolman
_vGuías
_xMonumentos Agustinianos
_zMéxico (Estado)
_9567
942 _2lcc
_cB
999 _c126
_d126